Starts with 'P', ends in 'O' (Vol. 2) Quiz Stats

 Plays Quiz not verified by Sporcle

Score 0/25 Timer 06:00
0 Plays Today
Description Answer % Correct
Paved outdoor living areaPatio
90.4%
Wooden 'boy' whose nose grows when he liesPinocchio
87.1%
Chips vegetablePotato
83.3%
Fire lover, brieflyPyro
82.3%
Kind of bean; Ford modelPinto
81.3%
Musical instrument that looks like a small flute and plays very high notesPiccolo
78.9%
Set of drawings, paintings, or photographs that are presented together in a folderPortfolio
78.9%
1960 Alfred Hitchcock filmPsycho
78.5%
The Spanish, Portuguese and Galician equivalent of 'Peter'Pedro
76.1%
Viral disease aka infantile paralysisPolio
68.9%
Vietnamese soup made of beef or chicken broth and rice noodlesPho
66.5%
Of the best qualityPrimo
58.9%
Spanish for 'a little'Poco
49.8%
Description Answer % Correct
Type of spiced Italian hamProsciutto
45%
Spanish conquistador who conquered the Incan EmpirePizarro
43.1%
A modern or old communitiy of Native Americans in the Southwestern United StatesPueblo
41.1%
Coat color in horses; Las Vegas strip clubPalomino
37.3%
Grilled sandwich made with Italian breadPanino
36.4%
The main Spanish national art museum, located in central MadridPrado
35.9%
Large, red, heart-shaped, sweet-tasting chili pepperPimento
25.8%
A large imposing building especially in ItalyPalazzo
24.4%
A playing technique that involves plucking the strings of a string instrumentPizzicato
23.4%
Any of various cheeses of Italian origin made from sheep's milkPecorino
16.3%
Charm in 'Harry Potter' that causes minor to strong jinxes, curses, and hexes to rebound upon the attackerProtego
12.9%
Edible mushroom aka cep, penny bun or king boletePorcino
9.6%

You're not logged in!

Compare scores with friends on all Sporcle quizzes.
OR
Log In

Show Comments

Extras

Top Quizzes Today


Score Distribution

Your Account Isn't Verified!

In order to create a playlist on Sporcle, you need to verify the email address you used during registration. Go to your Sporcle Settings to finish the process.

Report this User

Report this user for behavior that violates our Community Guidelines.

Details: